Countries with the Most Wild Elephants - Statistics

General Stats
  • This quiz has been taken 55,080 times
    44,443 since last reset
  • The average score is 15 of 21
Answer Stats
# Country % Correct
29,000 India
95%
19,000 South Africa
93%
23,000 Kenya
90%
51,000 Tanzania
86%
83,000 Zimbabwe
85%
6,000 Rep. of the Congo
84%
130,000 Botswana
82%
22,000 Zambia
82%
23,000 Namibia
81%
11,000 Mozambique
80%
2,900 Thailand
78%
4,900 Uganda
76%
2,900 Indonesia
67%
4,500 Myanmar
65%
2,600 Malaysia
61%
6,800 Cameroon
59%
7,100 Gabon
54%
3,800 Sri Lanka
52%
7,100 South Sudan
50%
3,000 Benin
24%
6,900 Burkina Faso
23%
No matching quizzes found
Score Distribution
Percent of People with Each Score
Percentile by Number Answered
Your Score History
You have not taken this quiz since the last reset